000 00501nam a22001817a 4500
005 20140701153204.0
010 _aENG-109697
020 _a9789325974142
_c250.00
035 _aEN-93230
037 _bDBAD/PUB
082 _a658.3
100 _aRao, V.S.P.
245 0 0 _aHuman resource management /
_cby V. S. P. Rao
260 _aNoida
_bVikas Publising House
_c2014
270 _aE-28, Sector-8
_bNoida
_e201301
300 _axii,323p.
_c24cm(pbk)
942 _2ddc
_cEN
_mRAO
_h658.3
999 _c83450
_d83450